Loading...
| Science - Chemistry | 1 | 9 | 3 | 3 | 90 | 60 | 97.70 | 1 | 6 | 0.00 | 0.00 |
| Science - Other | 2 | 3 | 0 | 0 | 60 | 68 | 90.80 | 1 | 3 | 0.00 | 0.00 |
| Science - Physics | 0 | 6 | 1 | 0 | 55 | 77 | 107.67 | 0 | 1 | 0.00 | 0.00 |
| Beliefs | 1 | 4 | 1 | 0 | 50 | 66 | 100.20 | 1 | 3 | 0.00 | 0.00 |
| Literature - World | 2 | 2 | 2 | 1 | 40 | 74 | 106.00 | 0 | 1 | 0.00 | 0.00 |
| Science - Biology | 1 | 1 | 1 | 0 | 20 | 54 | 69.50 | 1 | 2 | 0.00 | 0.00 |
| History - European | 0 | 2 | 0 | 1 | 20 | 101 | 125.50 | 0 | 1 | 0.00 | 0.00 |
| Philosophy | 0 | 2 | 0 | 0 | 20 | 121 | 123.00 | 0 | 0 | 0.00 | 0.00 |
| Visual Arts | 0 | 2 | 1 | 0 | 15 | 96 | 107.50 | 1 | 2 | 0.00 | 0.00 |
| Literature - British | 0 | 1 | 0 | 0 | 10 | 103 | 103.00 | 0 | 1 | 0.00 | 0.00 |
| History - World | 0 | 1 | 0 | 0 | 10 | 116 | 116.00 | 0 | 0 | 0.00 | 0.00 |
| Social Science | 0 | 1 | 0 | 0 | 10 | 110 | 110.00 | 0 | 0 | 0.00 | 0.00 |
| Fine Arts - Other Arts | 0 | 1 | 0 | 0 | 10 | 93 | 93.00 | 0 | 1 | 0.00 | 0.00 |
| Other Academic | 0 | 0 | 1 | 0 | -5 | 0.00 | 0 | 0 | 0.00 | 0.00 | |
| Literature - European | 0 | 0 | 1 | 0 | -5 | 0.00 | 0 | 0 | 0.00 | 0.00 |